Central Library OPAC University of Rajshahi

Conscience and society : (Record no. 32921)

MARC details
000 -LEADER
fixed length control field 00865cam a22002771 4500
001 - CONTROL NUMBER
control field 32921
003 - CONTROL NUMBER IDENTIFIER
rucl marc code BD-RjUL
005 - DATE AND TIME OF LATEST TRANSACTION
control field 20211209051921.0
008 - FIXED-LENGTH DATA ELEMENTS--GENERAL INFORMATION
fixed length control field 140429s1945 nyu 000 0 eng
035 ## - SYSTEM CONTROL NUMBER
System control number (BD-RjUL)33011
System control number (OCoLC)280224
040 ## - CATALOGING SOURCE
Original cataloging agency DLC
Transcribing agency OAU
Modifying agency OCoLC
-- DLC
-- BD-RjUL
Language of cataloging eng
041 ## - LANGUAGE CODE
Language code of text/sound track or separate title eng
082 00 - DEWEY DECIMAL CLASSIFICATION NUMBER
Classification number 340.112
Author mark and year WEC 1945
100 1# - MAIN ENTRY--PERSONAL NAME
Personal name West, Ranyard,
Dates associated with a name 1900-
9 (RLIN) 100074
245 10 - TITLE STATEMENT
Title Conscience and society :
Remainder of title a study of the psychological prerequisites of law and order /
Statement of responsibility, etc. by Ranyard West.
260 ## - PUBLICATION, DISTRIBUTION, ETC. (IMPRINT)
Place of publication, distribution, etc. New York :
Name of publisher, distributor, etc. Emerson Books,inc.,
Date of publication, distribution, etc. 1945.
300 ## - PHYSICAL DESCRIPTION
Pagination 4 p.,l., 261 p. ;
Size 22 cm.
504 ## - BIBLIOGRAPHY, ETC. NOTE
Bibliography, etc Includes bibliographical references.
650 #0 - SUBJECT ADDED ENTRY--TOPICAL TERM
Topical term or geographic name as entry element Social ethics.
9 (RLIN) 5055
Topical term or geographic name as entry element Law
General subdivision Philosophy.
9 (RLIN) 100075
Topical term or geographic name as entry element Political science.
9 (RLIN) 100076
942 ## - ADDED ENTRY ELEMENTS (KOHA)
Source of classification or shelving scheme Dewey Decimal Classification
Koha item type Books
Holdings
Lost status Source of classification or shelving scheme Damaged status Not for loan Permanent Location Current Location Shelving location Date acquired Source of acquisition Cost, normal purchase price Total Checkouts Full call number Date last seen Copy number Koha item type
  Dewey Decimal Classification   Not For Loan Central Library, University of Rajshahi Central Library, University of Rajshahi Reading Room 10/01/1958 Pak-American Com. 17.80   340.112 WEC 1945 29/04/2014 C-1 Books